Grace walk / (Record no. 8155)

MARC details
000 -LEADER
fixed length control field 00587nam a22002292 4500
001 - CONTROL NUMBER
control field 0000012029
003 - CONTROL NUMBER IDENTIFIER
control field OSt
005 - DATE AND TIME OF LATEST TRANSACTION
control field 20160208112422.0
008 - FIXED-LENGTH DATA ELEMENTS--GENERAL INFORMATION
fixed length control field 090126s xx 000 0 eng d
020 ## - INTERNATIONAL STANDARD BOOK NUMBER
International Standard Book Number 0736916394 :
040 ## - CATALOGING SOURCE
Original cataloging agency KABU
Transcribing agency KABU
100 1# - MAIN ENTRY--PERSONAL NAME
Personal name McVey, Steve.
245 10 - TITLE STATEMENT
Title Grace walk /
Statement of responsibility, etc. Steve McVey.
250 ## - EDITION STATEMENT
Edition statement 1st ed.
260 ## - PUBLICATION, DISTRIBUTION, ETC. (IMPRINT)
Place of publication, distribution, etc. Eugene, Oregon :
Name of publisher, distributor, etc. Harvest House,
Date of publication, distribution, etc. 1995.
300 ## - PHYSICAL DESCRIPTION
Extent 189 p.
600 10 - SUBJECT ADDED ENTRY--PERSONAL NAME
Personal name McVey, Steve,
Dates associated with a name 1954-.
650 #0 - SUBJECT ADDED ENTRY--TOPICAL TERM
Topical term or geographic name as entry element Christian life.
908 ## - PUT COMMAND PARAMETER (RLIN)
Put command parameter 090126
942 ## - ADDED ENTRY ELEMENTS (KOHA)
Source of classification or shelving scheme Library of Congress Classification
Koha item type General Collection
Holdings
Withdrawn status Lost status Source of classification or shelving scheme Not for loan Home library Current library Date acquired Total Checkouts Full call number Barcode Date last seen Date last checked out Price effective from Koha item type
    Library of Congress Classification   Kabarak, Main Campus Kabarak, Main Campus 17/12/2015 2 BV4501.2 .M38 1995 c. 1 16322 04/08/2017 17/07/2017 17/12/2015 General Collection
Designed with assistance from East African Informatics Ltd